NFL 2024 Full Draft Class - Statistics

General Stats
  • This quiz has been taken 311 times
  • The average score is 52 of 257
Answer Stats
Team Position College Height Weight Round Pick Answer % Correct
Bears QB USC 6'1 214 1 1 Caleb Williams
99%
Commanders QB LSU 6'4 210 1 2 Jayden Daniels
98%
Patriots QB North Carolina 6'4 223 1 3 Drake Maye
97%
Cardinals WR Ohio State 6'4 209 1 4 Marvin Harrison Jr.
96%
Titans S Miami 6'4 231 7 242 James Williams
95%
Giants WR LSU 6'0 199 1 6 Malik Nabers
94%
Texans DT Auburn 6'2 286 7 247 Marcus Harris
94%
Broncos QB Oregon 6'2 214 1 12 Bo Nix
93%
Vikings QB Michigan 6'3 219 1 10 J.J. McCarthy
93%
Falcons QB Washington 6'2 216 1 8 Michael Penix Jr.
93%
Bears WR Washington 6'3 212 1 9 Rome Odunze
91%
Chargers OT Notre Dame 6'9 321 1 5 Joe Alt
90%
Raiders TE Georgia 6'3 243 1 13 Brock Bowers
89%
Chiefs WR Texas 5'11 165 1 28 Xavier Worthy
81%
Jaguars WR LSU 6'3 209 1 23 Brian Thomas Jr.
79%
Cowboys OT Louisiana 6'5 332 7 233 Nathan Thomas
77%
Bills WR Florida State 6'3 213 2 33 Keon Coleman
75%
Jaguars EDGE Texas Tech 6'6 278 7 236 Myles Cole
75%
Eagles CB Toledo 6'0 195 1 22 Quinyon Mitchell
75%
Colts WR Texas 6'2 205 2 52 Adonai Mitchell
74%
Rams EDGE Florida State 6'4 254 1 19 Jared Verse
74%
Commanders OG TCU 6'6 320 3 67 Brandon Coleman
73%
Eagles CB Iowa 6'1 203 2 40 Cooper DeJean
73%
49ers WR Florida 6'1 189 1 31 Ricky Pearsall
72%
Vikings EDGE Alabama 6'3 247 1 17 Dallas Turner
71%
Panthers WR South Carolina 6'1 221 1 32 Xavier Legette
71%
Colts EDGE UCLA 6'5 259 1 15 Laiatu Latu
70%
Lions CB Alabama 6'0 189 1 24 Terrion Arnold
70%
Dolphins EDGE Penn State 6'3 254 1 21 Chop Robinson
69%
Cardinals EDGE Missouri 6'5 285 1 27 Darius Robinson
69%
Titans OT Alabama 6'6 342 1 7 JC Latham
69%
Jaguars RB Texas 5'8 191 5 167 Keilan Robinson
68%
Chargers WR Georgia 6'0 186 2 34 Ladd McConkey
68%
Raiders C Oregon 6'3 328 2 44 Jackson Powers-Johnson
66%
Seahawks DT Texas 6'1 297 1 16 Byron Murphy II
65%
Ravens CB Clemson 6'1 173 1 30 Nate Wiggins
63%
Jets OT Penn State 6'6 312 1 11 Olumuyiwa Fashanu
63%
Eagles WR Texas A&M 5'10 200 5 152 Ainias Smith
58%
Saints CB Alabama 6'0 199 2 41 Kool-Aid McKinstry
58%
Jaguars DT LSU 6'5 306 2 48 Maason Smith
58%
Bengals OT Georgia 6'8 340 1 18 Amarius Mims
57%
Saints OT Oregon State 6'6 324 1 14 Taliese Fuaga
53%
Bengals EDGE Ole Miss 6'3 260 6 214 Cedric Johnson
50%
Chargers WR Michigan 6'3 212 7 253 Cornelius Johnson
50%
Patriots WR Washington 6'1 203 2 37 Ja'Lynn Polk
50%
Buccaneers C Duke 6'5 313 1 26 Graham Barton
49%
Cowboys OT Oklahoma 6'8 322 1 29 Tyler Guyton
49%
Panthers RB Texas 6'0 216 2 46 Johnathon Brooks
46%
Packers OT Arizona 6'5 311 1 25 Jordan Morgan
46%
Commanders DT Illinois 6'2 304 2 36 Jer'Zhan Newton
45%
Bengals CB TCU 5'11 190 5 149 Josh Newton
45%
Steelers OG Washington 6'4 317 1 20 Troy Fautanu
45%
Rams DT Florida State 6'4 292 2 39 Braden Fiske
41%
Packers LB Texas A&M 6'2 230 2 45 Edgerrin Cooper
39%
Eagles WR Florida State 6'6 231 6 185 Johnny Wilson
36%
Titans DT Texas 6'5 366 2 38 T'Vondre Sweat
35%
Texans CB Georgia 6'0 186 2 42 Kamari Lassiter
32%
Cardinals CB Rutgers 5'11 187 2 43 Max Melton
32%
Rams RB Michigan 5'8 205 3 83 Blake Corum
31%
Cardinals RB Florida State 6'0 216 3 66 Trey Benson
29%
Cardinals OT Texas 6'5 305 5 162 Christian Jones
28%
Falcons DT Clemson 6'4 294 2 35 Ruke Orhorhoro
28%
Steelers C West Virginia 6'3 313 2 51 Zach Frazier
28%
Rams EDGE Washington State 6'4 264 5 154 Brennan Jackson
26%
Titans WR Tulane 5'9 188 6 182 Jha'Quan Jackson
26%
Commanders TE Kansas State 6'4 250 2 53 Ben Sinnott
25%
Bengals DT Michigan 6'3 299 2 49 Kris Jenkins
25%
Lions CB Missouri 5'11 183 2 61 Ennis Rakestraw Jr.
24%
Packers S Georgia 5'11 198 2 58 Javon Bullard
23%
Jets WR Western Kentucky 5'11 207 3 65 Malachi Corley
23%
Commanders CB Michigan 5'9 182 2 50 Mike Sainristil
23%
49ers CB Florida State 6'0 186 2 64 Renardo Green
22%
Giants CB Kentucky 5'11 190 3 70 Andru Phillips
20%
Bills S Utah 6'2 206 2 60 Cole Bishop
20%
Chargers LB Michigan 6'2 238 3 69 Junior Colson
20%
Browns DT Ohio State 6'3 290 2 54 Michael Hall Jr.
20%
Dolphins OT Houston 6'8 331 2 55 Patrick Paul
20%
Cowboys OG Kansas State 6'3 322 3 73 Cooper Beebe
19%
Saints QB South Carolina 6'0 211 5 150 Spencer Rattler
19%
Cowboys EDGE Western Michigan 6'3 257 2 56 Marshawn Kneeland
17%
Patriots QB Tennessee 6'5 235 6 193 Joe Milton III
16%
Ravens OT Washington 6'5 308 2 62 Roger Rosengarten
16%
Raiders S Air Force 5'10 209 7 223 Trey Taylor
16%
Jets RB South Dakota State 6'0 218 5 173 Isaiah Davis
15%
Cardinals CB Miami 5'10 182 7 226 Jaden Davis
15%
Packers CB Penn State 5'11 191 7 255 Kalen King
15%
Steelers WR Michigan 5'11 185 3 84 Roman Wilson
15%
Rams DT Clemson 6'2 301 6 196 Tyler Davis
15%
Patriots OT Penn State 6'5 314 3 68 Caedon Wallace
14%
Commanders WR Rice 6'2 198 3 100 Luke McCaffrey
14%
Panthers LB Kentucky 6'1 237 3 72 Trevino Wallace
14%
Falcons EDGE Washington 6'4 245 3 74 Bralen Trice
13%
Chargers WR USC 6'2 208 7 225 Brendan Rice
13%
Buccaneers EDGE Alabama 6'3 251 2 57 Chris Braswell
13%
Jets QB Florida State 6'1 200 5 171 Jordan Travis
13%
Texans OT Notre Dame 6'6 310 2 59 Blake Fisher
12%
Broncos EDGE Utah 6'2 248 3 76 Jonah Elliss
12%
Cardinals OT Illinois 6'4 315 3 71 Isaiah Adams
11%
Texans RB Louisville 5'10 193 6 205 Jawhar Jordan
11%
Dolphins WR Virginia 5'9 191 6 184 Malik Washington
11%
Dolphins WR USC 5'10 174 7 241 Tahj Washington
11%
Giants RB Purdue 5'11 209 5 166 Tyrone Tracy Jr.
11%
Buccaneers RB Oregon 5'9 192 4 125 Bucky Irving
10%
Falcons WR Illinois 6'2 200 6 187 Casey Washington
10%
Buccaneers WR Washington 6'1 197 3 92 Jalen McMillan
10%
Panthers TE Texas 6'4 245 4 101 Ja'Tavion Sanders
10%
Bengals WR Alabama 6'0 197 3 80 Jermaine Burton
10%
Broncos WR Oregon 6'3 176 4 102 Troy Franklin
10%
Seahawks CB Auburn 6'0 175 6 192 D.J. James
9%
Patriots WR UCF 6'1 202 4 110 Javon Baker
9%
Eagles LB Clemson 6'0 228 5 155 Jeremiah Trotter Jr.
9%
Packers QB Tulane 6'3 220 7 245 Michael Pratt
9%
Steelers LB NC State 6'4 233 3 98 Payton Wilson
9%
Broncos RB Notre Dame 5'11 221 5 147 Audric Estime
8%
Jets RB Wisconsin 6'1 235 4 134 Braelon Allen
8%
Texans TE Ohio State 6'4 237 4 123 Cade Stover
8%
Packers RB USC 5'9 220 3 88 MarShawn Lloyd
8%
Giants TE Penn State 6'6 259 4 107 Theo Johnson
8%
Bears P Iowa 6'4 223 4 122 Tory Taylor
8%
Eagles RB Clemson 5'11 206 4 127 Will Shipley
8%
Bengals TE Iowa 6'4 252 4 115 Erick All
7%
Jaguars TE Florida State 6'2 241 7 231 Jaheim Bell
7%
Dolphins RB Tennessee 5'10 210 4 120 Jaylen Wright
7%
Vikings CB Oregon 6'4 194 4 108 Khyree Jackson
7%
Vikings K Alabama 6'1 187 6 203 Will Reichard
7%
Ravens QB Kentucky 6'1 215 6 218 Devin Leary
6%
Ravens WR North Carolina 6'2 193 4 113 Devontez Walker
6%
Bills RB Kentucky 5'8 211 4 128 Ray Davis
6%
Steelers CB Texas 6'3 208 6 195 Ryan Watts
6%
Seahawks OG UConn 6'3 317 3 81 Christian Haynes
5%
Lions OG Boston College 6'3 314 6 210 Christian Mahogany
5%
Bengals S Ole Miss 6'0 195 7 224 Daijahn Anthony
5%
49ers RB Louisville 6'0 221 4 129 Isaac Guerendo
5%
49ers WR Arizona 5'8 168 4 135 Jacob Cowing
5%
Colts S Auburn 6'0 179 5 164 Jaylin Simpson
5%
Rams WR Texas 6'1 205 6 213 Jordan Whittington
5%
Chargers RB Troy 5'8 213 6 181 Kimani Vidal
5%
Lions DT LSU 6'0 284 6 189 Mekhi Wingo
5%
Cardinals TE Illinois 6'5 271 3 82 Tip Reiman
5%
Ravens CB Iowa State 6'1 189 4 130 T.J. Tampa
5%
Raiders LB Ohio State 6'2 233 5 148 Tommy Eichenburg
5%
Colts WR Oregon State 5'8 174 5 142 Anthony Gould
4%
Saints WR Pittsburgh 6'1 212 5 170 Bub Means
4%
Cowboys CB Wake Forest 6'0 199 5 174 Caelen Carson
4%
Jaguars K Arkansas 6'1 172 6 212 Cam Little
4%
49ers OT Kansas 6'5 313 3 86 Dominick Puni
4%
Saints LB Texas 6'2 240 5 175 Jaylan Ford
4%
Jets S Alabama 6'1 208 7 257 Jaylen Key
4%
Broncos CB Missouri 5'11 179 5 145 Kris Abrams-Draine
4%
Steelers DT Iowa 6'5 281 6 178 Logan Lee
4%
Colts OT Pittsburgh 6'6 327 3 79 Matt Goncalves
4%
Bengals C Miami 6'4 301 7 237 Matt Lee
4%
Browns LB Mississippi State 6'2 233 6 206 Nathaniel Watson
4%
Giants S Minnesota 6'2 199 2 47 Tyler Nublin
4%
Ravens LB Penn State 6'4 247 3 93 Adisa Isaac
3%
Falcons DT Oregon 6'3 183 4 109 Brandon Dorlus
3%
Panthers CB Washington State 5'10 184 5 157 Chau Smith-Wade
3%
Giants LB UCLA 6'0 225 6 183 Darius Muasau
3%
Broncos WR Utah 6'4 203 7 235 Devaughn Vele
3%
Buccaneers TE Washington 6'4 238 7 246 Devin Culp
3%
Bills DT Duke 6'2 302 3 95 DeWayne Carter
3%
Raiders RB New Hampshire 5'10 206 6 208 Dylan Laube
3%
Packers S Oregon 5'11 200 4 111 Evan Williams
3%
Packers C Duke 6'3 308 5 163 Jacob Monk
3%
Chiefs S Washington State 6'2 211 4 133 Jaden Hicks
3%
Texans LB Oregon 6'0 218 6 188 Jamal Hill
3%
Browns WR Louisville 6'0 188 5 156 Jamari Thrash
3%
Chiefs TE TCU 6'6 249 4 131 Jared Wiley
3%
Jaguars CB Florida State 6'0 190 3 96 Jarrian Jones
3%
Bills EDGE Troy 6'1 246 5 168 Javon Solomon
3%
Rams K Stanford 6'2 207 6 209 Joshua Karty
3%
Texans OT Michigan 6'4 309 7 249 LaDarius Henderson
3%
Steelers OG South Dakota State 6'4 309 4 119 Mason McCormick
3%
Dolphins EDGE Colorado State 6'1 248 5 158 Mohamed Kamara
3%
Jets CB Toronto 5'11 203 5 176 Qwan'tez Stiggers
3%
Ravens RB Marshall 5'11 206 5 165 Rasheen Ali
3%
Cowboys WR Southeast Missouri State 6'1 202 6 216 Ryan Flournoy
3%
Bengals TE Arizona 6'5 244 6 194 Tanner McLachlan
3%
Colts C Wisconsin 6'4 303 4 117 Tanor Bortolini
3%
Cardinals WR UAB 6'2 210 6 191 Tejhaun Palmer
3%
Bills OG England 6'7 301 7 221 Travis Clayton
3%
Packers LB Missouri 6'2 231 3 91 Ty'Ron Hopper
3%
Vikings OT Oklahoma 6'6 313 6 177 Walter Rouse
3%
Seahawks TE Michigan 6'6 251 4 121 AJ Barner
2%
Bears EDGE Kansas 6'5 240 5 144 Austin Booker
2%
Chargers CB Notre Dame 6'3 202 5 140 Cam Hart
2%
Titans LB North Carolina 6'2 234 4 106 Cedric Gray
2%
Jaguars CB Ole Miss 6'0 183 5 153 Dantre Prince
2%
Raiders OT Maryland 6'4 315 3 77 Delmar Glaze
2%
Cardinals CB Boston College 6'2 185 3 90 Elijah Jones
2%
Lions OT British Columbia 6'8 350 4 126 Giovanni Manu
2%
Titans CB Louisville 5'10 194 5 146 Jarvis Brownlee Jr.
2%
Falcons RB Alabama 5'10 221 6 186 Jase McClellan
2%
Jaguars OT Missouri 6'6 313 4 114 Javon Foster
2%
Jaguars DT LSU 6'4 317 4 116 Jordan Jefferson
2%
Cowboys DT Auburn 5'11 181 7 244 Justin Rogers
2%
Packers S Oregon State 6'2 216 5 169 Kitan Oladapo
2%
Patriots OG Texas A&M 6'5 313 4 103 Layden Robinson
2%
49ers S Wake Forest 5'10 197 4 124 Malik Mustapha
2%
Patriots CB South Carolina 6'0 190 6 180 Marcellas Dial
2%
Cowboys LB Notre Dame 6'2 234 3 87 Marist Liufau
2%
Bengals DT Texas A&M 6'2 326 3 97 McKinnley Jackson
2%
Panthers LB Michigan 5'11 233 7 240 Michael Barrett
2%
Chargers CB Maryland 6'0 189 5 137 Tarheeb Still
2%
Packers OT Georgia State 6'6 323 6 202 Travis Glover
2%
Eagles OG Michigan 6'6 311 5 172 Trevor Keegan
2%
Buccaneers S Georgia 5'10 202 3 89 Tykee Smith
2%
Cardinals EDGE Clemson 6'2 244 5 138 Xavier Thomas
2%
Rams C Arkansas 6'5 302 6 217 Beaux Limmer
1%
Cardinals S Texas Tech 5'11 195 4 104 Dadrion Taylor-Demerson
1%
Bills CB Penn State 5'9 179 6 219 Daequan Hardy
1%
Raiders CB Mississippi State 6'2 188 4 112 Decamerion Richardson
1%
Commanders S Washington 6'2 215 5 161 Dominique Hampton
1%
Eagles OG NC State 6'3 299 6 190 Dylan McMahon
1%
Bills LB Washington 6'1 236 5 160 Edefaun Ulofoshio
1%
Chiefs C Penn State 6'3 317 5 159 Hunter Nourzad
1%
49ers OG USC 6'4 306 6 215 Jarrett Kingston
1%
Commanders EDGE Notre Dame 6'5 239 7 222 Javontae Jean-Baptiste
1%
Titans EDGE Michigan 6'4 250 7 252 Jaylen Harrell
1%
Colts S Missouri 6'3 227 5 151 Jaylon Carlies
1%
Eagles EDGE Houston Christian 6'4 252 3 94 Jaylx Hunt
1%
Falcons LB Notre Dame 6'1 230 5 143 JD Bertrand
1%
Colts DT Oklahoma 6'5 292 7 234 Jonah Laulu
1%
Commanders LB Temple 6'1 228 5 139 Jordan Magee
1%
Saints OT Eastern Kentucky 6'6 329 7 239 Josiah Ezirim
1%
Browns DT Cincinnati 6'2 297 7 243 Jowon Briggs
1%
Chargers DT Alabama 6'4 297 4 105 Justin Eboigbe
1%
Chiefs CB Tennessee 6'1 196 6 211 Kamal Hadden
1%
Rams S Miami 5'11 203 3 99 Kamren Kitchens
1%
Saints DT Northern Iowa 6'4 317 6 199 Khristian Boyd
1%
Chiefs OT BYU 6'5 326 2 63 Kingsley Suamalata
1%
Bears OT Yale 6'5 323 3 75 Kiran Amegajie
1%
Vikings DT Texas A&M-Commerce 6'1 269 7 232 Levi Drake Rodriguez
1%
Colts CB Marshall 5'11 185 6 201 Micah Abraham
1%
Vikings C Wake Forest 6'4 311 7 230 Michael Jurgens
1%
Raiders CB Pittsburgh 5'11 186 7 229 M.J. Devonshire
1%
Browns CB South Dakota State 5'11 195 7 227 Myles Harden
1%
Ravens S Purdue 6'0 216 7 250 Sanoussi Kane
1%
Seahawks OG Utah 6'4 319 6 179 Sataoa Laumea
1%
49ers LB Florida State 6'0 229 7 251 Tatum Bethune
1%
Bills OT UCF 6'6 306 6 204 Tylan Grable
1%
Seahawks LB UTEP 6'1 233 4 118 Tyrice Knight
1%
Browns OG Michigan 6'6 309 3 85 Zach Zinter
1%
Texans S USC 6'2 188 3 78 Caleb Bullock
0%
Chiefs OG Holy Cross 6'5 300 7 248 C.J. Hanson
0%
Buccaneers OG UTEP 6'4 319 6 220 Elijah Klein
0%
Panthers DT Mississippi State 6'4 301 6 200 Jaden Crumedy
0%
Rams OG Kansas State 6'4 326 7 254 KT Leveston
0%
Seahawks OT Findlay 6'5 294 6 207 Michael Jerrell
0%
Seahawks CB Auburn 6'0 190 5 136 Nehemiah Prichett
0%
Broncos C South Carolina 6'5 318 7 256 Nick Gargiulo
0%
Ravens C Michigan State 6'4 307 7 228 Nick Samac
0%
Dolphins S California 6'0 207 6 198 Patrick McMorris
0%
Bills C Georgia 6'4 298 5 141 Sedrick Van Pan-Granger
0%
Texans EDGE USC 6'3 255 7 238 Solomon Byrd
0%
Lions S Utah 5'11 210 4 132 Stone Vaki
0%
Falcons DT Georgia 6'6 314 6 197 Zion Logue
0%
No matching quizzes found
Score Distribution
Percent of People with Each Score
Percentile by Number Answered
Your Score History
You have not taken this quiz